Mnemelion. Siro Solazzi

Wedi'i Gadw mewn:
Manylion Llyfryddiaeth
Prif Awduron: Bretone, Mario (Awdur), Burdese, Alberto (Awdur), Robertis, Francesco M. de (Awdur), Di Lella, Luigi (Awdur), Elefante, Agostino (Awdur), Franciosi, Gennaro (Awdur), Fuenteseca, Pablo (Awdur), Gaudemet, Jean (Awdur), Grelle, Francesco (Awdur), Grosso, Giuseppe (Awdur), Guarino, Antonio (Awdur), Guizzi, Francesco (Awdur), Kaser, Max (Awdur), Mayer-Maly, Theo (Awdur), Pringsheim, Fritz (Awdur), Schindler, Karl-Heinz (Awdur), Staszkow, Michal (Awdur), Steinwenter, Artur (Awdur), Triantaphillopoulos, Jean (Awdur)
Awduron Eraill: De Martino, Francesco (autor), Metro, Antonino (autor)
Fformat: Llyfr
Iaith:Eidaleg
Cyhoeddwyd: Nápoles Jovene 1958
Cyfres:Biblioteca di Labeo, 1
Pynciau:
Tagiau: Ychwanegu Tag
Dim Tagiau, Byddwch y cyntaf i dagio'r cofnod hwn!

MARC

LEADER 00000nam a2200000 a 4500
001 UCR2620
003 CL-VaPUC
008 980112e19580000IT |||||||||||||||||ita|d
082 0 4 |a 340.54  |b BRE  |2 21 
100 0 |a Bretone, Mario  |e author  |9 400740 
700 0 |a Burdese, Alberto  |e author  |9 400741 
700 |a De Martino, Francesco  |e autor  |9 439376 
700 0 |a Robertis, Francesco M. de  |e author  |9 400743 
700 |a Di Lella, Luigi  |e author  |9 297043 
700 0 |a Elefante, Agostino  |e author  |9 400745 
700 0 |a Franciosi, Gennaro  |e author  |9 400746 
700 0 |a Fuenteseca, Pablo  |e author  |9 400747 
700 |a Gaudemet, Jean  |e author  |9 487559 
700 |a Grelle, Francesco  |e author  |9 400749 
700 0 |a Grosso, Giuseppe  |e author  |9 400663 
700 0 |a Guarino, Antonio  |e author  |9 351123 
700 |a Guizzi, Francesco  |e author  |9 400750 
700 |a Kaser, Max  |e author  |9 402493 
700 0 |a Mayer-Maly, Theo  |e author  |9 400752 
700 |a Metro, Antonino  |e autor  |9 561179 
700 0 |a Pringsheim, Fritz  |e author  |9 400754 
700 0 |a Schindler, Karl-Heinz  |e author  |9 400755 
700 0 |a Staszkow, Michal  |e author  |9 400756 
700 0 |a Steinwenter, Artur  |e author  |9 400757 
700 0 |a Triantaphillopoulos, Jean  |e author  |9 400758 
245 1 0 |a Mnemelion. Siro Solazzi 
300 |a 549 p 
942 |c BK 
945 |d 19980112 00:00:00  |a aolguin 
260 |a Nápoles  |b Jovene  |c 1958 
650 0 |a Derecho romano  |9 255930 
650 0 |a Propiedad   |9 255268 
650 0 |a Bienes  |9 255749 
650 7 |a POSECION  |2 CL-VaPUC  |9 399035 
650 7 |a SISTEMA JURIDICO  |2 CL-VaPUC  |9 400759 
650 0 |a Poder judicial  |9 254871 
583 |a last modification  |c 19980112 00:00:00  |k Rodrigo Vera 
490 0 |a Biblioteca di Labeo, 1 
999 |c 265753  |d 265751 
952 |0 0  |1 0  |4 0  |6 340_540000000000000_BRE_1958  |7 0  |8 DER_ROM  |9 296820  |a BIBDER  |b BIBDER  |d 2019-11-20  |i 1920200  |l 1  |o 340.54 BRE 1958  |p 1920200  |r 2023-01-25  |s 2020-03-17  |w 2019-11-20  |x Ubicación 4to piso  |y BK  |z Este recurso debe solicitarse con anticipación  |k DER